000 00276nam a2200097Ia 4500
001 720204
005 20250826163227.0
008 250824s9999 xx 000 0 und d
245 0 _aTURGUTOĞULLARI KONYA DAKİ ESERLERİ VE KADINHANI
_cBEKİR ŞAHİN
260 _bÇİZGİ YAYINLARI
999 _c720204
_d720204